Educación y trabajo para grupos desfavorecidos: recomendaciones para la acción

Salvato in:
Dettagli Bibliografici
Autore principale: Valdés Cifuentes, Tomás (Autore)
Natura: Libro
Lingua:spagnolo
Pubblicazione: Madrid Organización de Estados Iberoamericanos para la Educación, la ciencia y la cultura 2001
Serie:Educación y Trabajo
Soggetti:
Tags: Aggiungi Tag
Nessun Tag, puoi essere il primo ad aggiungerne!!

MARC

LEADER 00000nam a2200000 a 4500
001 UCI1657
003 CL-VaPUC
008 070713e20010000SP |||||||||||||||||spa|d
020 |a 8476661274 
082 0 4 |a 371.93  |b VAL  |2 21 
100 0 |a Valdés Cifuentes, Tomás  |e author  |9 522278 
245 1 0 |a Educación y trabajo para grupos desfavorecidos: recomendaciones para la acción 
300 |a 145 p 
942 |c BK 
945 |d 20070713 00:00:00  |a rbrito 
260 |a Madrid  |b Organización de Estados Iberoamericanos para la Educación, la ciencia y la cultura  |c 2001 
650 7 |a DESFAVORECIDOS SOCIALES  |2 CL-VaPUC  |9 321791 
650 7 |a DESFAVORECIDOS EDUCACIONALES  |2 CL-VaPUC  |9 522279 
650 7 |a JUVENTUD DESFAVORECIDAS  |2 CL-VaPUC  |9 522280 
650 7 |a NIÑOS SOCIALMENTE DESFAVORECIDOS  |2 CL-VaPUC  |9 323883 
650 0 |a Problemas sociales  |9 258537 
650 7 |a DESVENTAJA SOCIAL  |2 CL-VaPUC  |9 321790 
650 7 |a INADAPTADOS  |2 CL-VaPUC  |9 522281 
650 7 |a CAPACITACION LABORAL  |2 CL-VaPUC  |9 411356 
583 |a last modification  |c 20070713 00:00:00  |k Rodrigo Vera 
490 0 |a Educación y Trabajo 
999 |c 326423  |d 326421 
952 |0 0  |1 0  |4 0  |6 371_930000000000000_VAL_2001  |7 0  |8 A  |9 408297  |a BIBEDU  |b BIBEDU  |d 2019-11-22  |i 4355113  |o 371.93 VAL 2001  |p 4355113  |r 2019-11-22  |w 2019-11-22  |y BK  |k EBA